LEADER 01010nam0-2200337---450- 001 990009331770403321 005 20110316164837.0 010 $a978-0-7817-7784-1 010 $a0-7817-7784-4 035 $a000933177 035 $aFED01000933177 035 $a(Aleph)000933177FED01 035 $a000933177 100 $a20110316d2008----km-y0itay50------ba 101 0 $aeng 102 $aUS 105 $aa---a---001yy 200 1 $aClinical managment of binocular vision$eheterophoric, accommodative, and eye movement disorders$fMitchell Scheiman, Bruce Wick 205 $a3. ed. 210 $aPhiladelphia$cLippincott Williams & Wilkins$d2008 215 $axii, 748 p.$cill.$d25 cm 610 0 $aOptometria 700 1$aScheiman,$bMitchell$0473946 702 1$aWick,$bBruce 801 0$aIT$bUNINA$gRICA$2UNIMARC 901 $aBK 912 $a990009331770403321 952 $aS.27B-012$bD.S.F. 9359$fFI1 959 $aFI1 996 $aClinical managment of binocular vision$9766420 997 $aUNINA LEADER 01179nem2 2200361 450 001 990009812980403321 005 20140121161117.0 035 $a000981298 035 $aFED01000981298 035 $a(Aleph)000981298FED01 035 $a000981298 100 $a20140121d1576----km-y0itay50------ba 101 0 $aita 102 $aIT 120 $aa------------ 121 $aaa-aa---- 123 0 $aa 200 1 $aArcipelago$bDocumento cartografico 206 $aScala non determinabile 210 $aIn Venetia$cappresso Simon Galignani et Girolamo Porro$d1576 215 $a1 c. [p. 74]$d15 x 11 cm 300 $aLa rappresentazione dell'orografia a mucchi di talpa 463 0$1001000964765 610 0 $aGrecia$aCarte antiche 700 1$aPorcacchi,$bTommaso$f<1530-1585>$0327571 701 1$aPorro,$bGirolamo$f<1520-1604>$0327572 801 0$aIT$bUNINA$gRICA$2UNIMARC 856 4 $zVisualizza versione elettronica presso Internet culturale$uhttp://iccu01e.caspur.it/ms/internetCulturale.php?id=mag_GEO0002717&teca=GeoWeb+-+Marciana$e20140121 901 $aMP 912 $a990009812980403321 959 $aILFGE 996 $aArcipelago$9837935 997 $aUNINA